| 000 | 01624nam a2200397 a 4500 | ||
|---|---|---|---|
| 999 |
_c207564 _d207564 |
||
| 003 | BLK | ||
| 005 | 20250708135249.0 | ||
| 008 | 180411b bul|||||r ||||||| ||bul|| | ||
| 010 | _aKNG00217331000 | ||
| 020 | _a978-619-151-384-0 | ||
| 040 | _aBLK | ||
| 041 |
_aBUL _cBUL |
||
| 072 |
_9178282 _aН86 _xДетска отраслова литература Н |
||
| 080 |
_aХранителни продукти. Хранене _b641/642 _x(02.053.2) _z641/642(02.053.2) |
||
| 080 |
_aХранителна и консервна промишленост _b664 _x(02.053.2) _z664(02.053.2) |
||
| 100 | 1 |
_aИванова, Виктория Иванчева _eпърви автор _971296 |
|
| 139 |
_aИванова, Виктория Иванчева _bИ 22 |
||
| 245 | 1 | 0 |
_aОткъде идва храната _cВиктория Иванова ; ил. Стелияна Донева |
| 257 | _aBGR | ||
| 260 |
_c2017 _aСофия _9209582 _bСофтПрес _fДобрич : ФолиАрт |
||
| 300 |
_a96 с. _bс цв. ил. _c24 см |
||
| 380 | _aDN | ||
| 490 |
_9389475 _aЕнциклопедия Любознайко _v1 |
||
| 500 | _aИмето на авт. отбелязано в изд. каре. | ||
| 659 | 7 |
_9178160 _aН _xНови книги |
|
| 700 |
_9599 _aДонева, Стелияна Христова _eил. |
||
| 852 | _aЦб 289507 | ||
| 856 | 4 | _qpdf | |
| 856 | 4 | _qpdf | |
| 942 |
_cKNG _n0 _024 _s1 |
||
| 944 |
_aCR _c21.03.2018 _k30551 _lБояна Костадинова |
||
| 944 |
_aED _c27.03.2018 _kВиолета_Тройчева |
||
| 999 | _d207564 | ||
| 999 | _d207564 | ||
| 999 | _d207564 | ||